000 00615nam a2200229Ia 4500
003 OSt
005 20250828115011.0
008 241004s9999 xx 000 0 und d
020 _a9781529732016
037 _aTextbook
040 _aARTS
_beng
_cARTS
041 _aeng
_2eng
084 _aS8 R1
_qARTS
100 _aBuunk Abraham P.
245 _aAppliying social psychology: from problems to solutions
_cBuunk Abraham P.
250 _a3rd
260 _aUSA
_bLos Angeles Sage
_c2021
300 _axvi,253p.
365 _aUKP
_b32.99
942 _cTB
_hS8 R1
_2CC
_n0
999 _c1218833
_d1218833